Hotel design and planning development (Record no. 100427)

MARC details
000 -LEADER
fixed length control field 00810cam a2200241 4500
008 - FIXED-LENGTH DATA ELEMENTS--GENERAL INFORMATION
fixed length control field 000000n2001 000 0 eng u
020 ## - INTERNATIONAL STANDARD BOOK NUMBER
International Standard Book Number 0750646071
035 ## - SYSTEM CONTROL NUMBER
System control number (Sirsi) u105588
050 ## - LIBRARY OF CONGRESS CALL NUMBER
Classification number 728.5
100 ## - MAIN ENTRY--PERSONAL NAME
Personal name Rutes, Walter A.
245 ## - TITLE STATEMENT
Title Hotel design and planning development
260 ## - PUBLICATION, DISTRIBUTION, ETC.
Place of publication, distribution, etc. Oxford
Name of publisher, distributor, etc. Architectural Press
Date of publication, distribution, etc. 2001
300 ## - PHYSICAL DESCRIPTION
Extent ix,422p. : ill. ; 28cm.
350 ## - PRICE (NR) (BK AM CF MU VM SE) [OBSOLETE]
Price 60.00
520 ## - SUMMARY, ETC.
Summary, etc. An illustrated overview of hotel types currently opened or being developed around the world, together with a design guide and advice on the development process and hotel management.
650 ## - SUBJECT ADDED ENTRY--TOPICAL TERM
Topical term or geographic name entry element HOTELS
650 ## - SUBJECT ADDED ENTRY--TOPICAL TERM
Topical term or geographic name entry element HOTEL DEVELOPMENT
650 ## - SUBJECT ADDED ENTRY--TOPICAL TERM
Topical term or geographic name entry element INTERIOR DESIGN
690 ## - LOCAL SUBJECT ADDED ENTRY--TOPICAL TERM (OCLC, RLIN)
Topical term or geographic name as entry element BUILT ENVIRONMENT-CONSTRUCTION DESIGN
700 ## - ADDED ENTRY--PERSONAL NAME
Personal name Penner, Richard H.
700 ## - ADDED ENTRY--PERSONAL NAME
Personal name Adams, L.
942 ## - ADDED ENTRY ELEMENTS (KOHA)
Suppress in OPAC 0
Holdings
Withdrawn status Lost status Source of classification or shelving scheme Damaged status Not for loan Home library Current library Shelving location Date acquired Cost, normal purchase price Total Checkouts Full call number Barcode Date last seen Date last checked out Copy number Cost, replacement price Price effective from Koha item type
    Dewey Decimal Classification     London London Folio 28/06/2001 60.00 14 F728.5 RUT 30064519 06/08/2019 22/11/2007 1 60.00 06/08/2019 Book